Sistemas modernos de telegrafía / (Registro nro. 115528)

Detalles MARC
000 -LEADER
campo de control de longitud fija 00711nam a2200205 i 4500
001 - NÚMERO DE CONTROL
campo de control 115528
003 - IDENTIFICADOR DE NÚMERO DE CONTROL
campo de control ES-MaACL
007 - CAMPO FIJO DE DESCRIPCIÓN FÍSICA--INFORMACIÓN GENERAL
campo de control de longitud fija t|
008 - DATOS DE LONGITUD FIJA--INFORMACIÓN GENERAL
campo de control de longitud fija 070314s1923 sp ||||1| spa d
080 ## - NÚMERO DE LA CLASIFICACIÓN DECIMAL UNIVERSAL
Número de la Clasificación Decimal Universal 621.394
100 1# - ENTRADA PRINCIPAL--NOMBRE DE PERSONA
Nombre de persona Villaverde, Francisco.
9 (RLIN) 115176
245 10 - MENCIÓN DEL TÍTULO
Título Sistemas modernos de telegrafía /
Mención de responsabilidad, etc. por Francisco Villaverde.
260 ## - PUBLICACIÓN, DISTRIBUCIÓN, ETC.
Lugar de publicación, distribución, etc. Madrid :
Nombre del editor, distribuidor, etc. Calpe,
Fecha de publicación, distribución, etc. [1923]
300 ## - DESCRIPCIÓN FÍSICA
Extensión 2 v. :
Otras características físicas il. ;
Dimensiones 17 cm.
490 1# - MENCIÓN DE SERIE
Mención de serie Biblioteca del electricista práctico ;
Designación de volumen o secuencia 38,39
505 8# - NOTA DE CONTENIDO CON FORMATO
Nota de contenido con formato Contiene: 1. El sistema múltiple Baudot y sus derivados. 2. Sistemas rápidos derivados del Morse
830 0# - PUNTO DE ACCESO ADICIONAL DE SERIE-TÍTULO UNIFORME
Título uniforme Biblioteca del electricista práctico ;
Designación de volumen o secuencia 38,39
9 (RLIN) 186267
852 ## - LOCALIZACIÓN
Ubicación ES-MaACL
Número de control de estantería B-3771-72
Existencias
Estatus retirado Estado de pérdida Estado de daño No para préstamo Biblioteca de origen Biblioteca actual Ubicación en estantería Fecha de adquisición Fuente de adquisición Total de préstamos Signatura topográfica completa Código de barras Visto por última vez Precio de reemplazo Tipo de ítem Koha
        Biblioteca del Ateneo de Madrid Biblioteca del Ateneo de Madrid Sala Pardo Bazán 17/01/2008     B-3771-72 1120460 23/02/2023 23/02/2023 Libro impreso